FEMINIST PRACTICE & POSTSTRUCTURALIST THEORY (Record no. 22056)
[ view plain ]
| 000 -LEADER | |
|---|---|
| fixed length control field | 00357nam a22001457a 4500 |
| 003 - CONTROL NUMBER IDENTIFIER | |
| control field | SGT |
| 020 ## - INTERNATIONAL STANDARD BOOK NUMBER | |
| International Standard Book Number | 9780631198253 |
| 082 ## - DEWEY DECIMAL CLASSIFICATION NUMBER | |
| Classification number | 305.42,WEE |
| 100 ## - MAIN ENTRY--PERSONAL NAME | |
| Personal name | WEEDON,CHRIS |
| 245 ## - TITLE STATEMENT | |
| Title | FEMINIST PRACTICE & POSTSTRUCTURALIST THEORY |
| 260 ## - PUBLICATION, DISTRIBUTION, ETC. (IMPRINT) | |
| Place of publication, distribution, etc | USA |
| Name of publisher, distributor, etc | BLACKWELL WILEY |
| Year of Publication | 2007 |
| 300 ## - PAGE DESCRIPTION | |
| No. of Pages | 195 |
| 650 ## - SUBJECT ADDED ENTRY--TOPICAL TERM | |
| Topical term or geographic name as entry element | SOCIAL SCIENCE( SOCIAL GROUP ) |
| 942 ## - ADDED ENTRY ELEMENTS (KOHA) | |
| Source of classification or shelving scheme | Dewey Decimal Classification |
| Koha item type | Books |
| 942 ## - ADDED ENTRY ELEMENTS (KOHA) | |
| -- | 1 |
| Withdrawn status | Lost status | Source of classification or shelving scheme | Damaged status | Not for loan | Collection code | Home library | Current library | Shelving location | Date acquired | Vendor Name | Cost, normal purchase price | SGTU | Bill Number | Total Checkouts | Full call number | Accession No. (Barcode) | Date last seen | Date last borrowed | Bill Date | Koha item type |
|---|---|---|---|---|---|---|---|---|---|---|---|---|---|---|---|---|---|---|---|---|
| Dewey Decimal Classification | ENGG BOOK BANK | SGT Engineering Library | SGT Engineering Library | Reference Book | 08/12/2021 | SBD SUBSCIRIPTION SERVICES | 62.25 | SGTU | SBDHO/2021/CRB/707 | 1 | 305.42,WEE | FE8372 | 18/05/2024 | 18/05/2024 | 01/11/2021 | Books |